000 00615na a2200229 4500
001 15432
003 MIRAKIL
005 20181213154831.0
008 161019b tu 000 0
035 _a14074
040 _aMilas
_btur
_cTR-AnCHP
041 _atur
082 _a353.04
_bG75b 1993
090 _a353.04 G75b 1993
100 _aGönen, Akın
245 _a500.Günde hükümet - parlamento ilişkileri
_cAkın Gönen
260 _aAnkara
_b[yay.y.]
_c1993
300 _a120 s.
_c29 sm.
650 _aParlamento
_xTürkiye
_yKararlar
650 _aHükümet
_xKararlar
_yParlamento
942 _2ddc
_cBKS
999 _c1666
_d1666